| 000 -LEADER |
| fixed length control field |
00513cam a22001217a 4500 |
| 008 - FIXED-LENGTH DATA ELEMENTS--GENERAL INFORMATION |
| fixed length control field |
180718b-- xxu||||| |||| 00| 0 eng d |
| 082 ## - DEWEY DECIMAL CLASSIFICATION NUMBER |
| Classification number |
A6x51 Un3c |
| 245 ## - TITLE STATEMENT |
| Title |
China proper |
| Statement of responsibility, etc. |
by Naval Intelligence Division |
| 260 ## - PUBLICATION, DISTRIBUTION, ETC. |
| Place of publication, distribution, etc. |
Edinburg |
| Name of publisher, distributor, etc. |
H.M.S.O. |
| Date of publication, distribution, etc. |
-- |
| 300 ## - PHYSICAL DESCRIPTION |
| Extent |
3v. |
| 500 ## - GENERAL NOTE |
| General note |
Contents: v.1. Physical geography, history and peoples. 1944.542+p;v.2. Modern history and administration. 1945. 370+p;v.3.Economic geography, ports and communications. 1945. 6453+p. |
| 700 ## - ADDED ENTRY--PERSONAL NAME |
| Personal name |
United Kingdom. Naval Intelligence Division |